000 00890nas a2200289 4500
001 BR2010003686
003 BR-BrBNA
005 20231205114616.0
007 ta
008 230509b bl.|||p| |||| 00| 00por d
040 _aBR-BrBNA
_bpor
_cBiblioteca Nacional de Agricultura
041 _a(Pt)
072 _aP01; F40
100 1 _aMuchailh, M.C.
100 1 _aRoderjan, C.V.
100 1 _aCampos, J.B.
100 1 _aMachado, A.L.T.
100 1 _aCurcio, G.R.
245 1 _aMetodologia de planejamento de paisagens fragmentadas visando aformação de corredores ecológicos
650 _aBIODIVERSIDADE
650 _aCONSERVAÇÃO
650 _aECOLOGIA FLORESTAL
650 _aPLANEJAMENTO FLORESTAL
773 0 _tFloresta (Brazil)
_xISSN 0015-3826
_g(Jan-Mar 2010), v. 40(1) p. 147-162
_wBR2010003686
909 _a202311
_bLúcia
_c55
_dLúcia Elande
942 _2AGRIS
_n0
_cANA
999 _c209549
_d209549